Estudios Americanos (Record no. 4367)

MARC details
000 -CABECERA
campo de control de longitud fija 01143nam a2200277 a 4500
001 - NÚMERO DE CONTROL
campo de control BRCA_4666
005 - FECHA Y HORA DE LA ÚLTIMA TRANSACCIÓN
campo de control 20190320204745.0
008 - DATOS DE LONGITUD FIJA--INFORMACIÓN GENERAL
campo de control de longitud fija 290910s1953----sp-a######---#000-0#spa-#
041 ## - CÓDIGO DE LENGUA
Código de lengua del texto/banda sonora o título independiente spa
044 ## - CÓDIGO DEL PAÍS DE LA ENTIDAD EDITORA/PRODUCTORA
Código MARC del país sp
050 #4 - SIGNATURA TOPOGRÁFICA DE LA BIBLIOTECA DEL CONGRESO
Número de clasificación F1461
Número de documento/Ítem .E88 10 1953
245 10 - MENCIÓN DE TÍTULO
Título Estudios Americanos
Resto del título revista de síntesis e interpretación.
260 ## - PUBLICACIÓN, DISTRIBUCIÓN, ETC.
Lugar de publicación, distribución, etc. Sevilla
Nombre del editor, distribuidor, etc. Escuela de Estudios Hispano Americanos : Consejo Superior de Investigaciones Científicas
Fecha de publicación, distribución, etc. 1953
300 ## - DESCRIPCIÓN FÍSICA
Extensión i, p. 480-603
Otras características físicas il., 10 láminas
Dimensiones 24 cm.
500 ## - NOTA GENERAL
Nota general Estado físico: Lomo deteriorado
500 ## - NOTA GENERAL
Nota general Vol. V, Núm. 20 mayo, 1953
500 ## - NOTA GENERAL
Nota general Revista inventariada por Banco de México como libro
500 ## - NOTA GENERAL
Nota general Ver también: CFG10(No.38-39), CFG11(No.37), CGF17(No.29), CFG18(No.30), CFG19(NO.31), CFG20(No.32), CFG21(No.33-34), CFG22(No.35-36) y Q75(No.28)
500 ## - NOTA GENERAL
Nota general Q84
650 14 - PUNTO DE ACCESO ADICIONAL DE MATERIA--TÉRMINO DE MATERIA
Término de materia o nombre geográfico como elemento de entrada Revistas hispanoamericanas
9 (RLIN) 11826
650 14 - PUNTO DE ACCESO ADICIONAL DE MATERIA--TÉRMINO DE MATERIA
Término de materia o nombre geográfico como elemento de entrada Revistas latinoamericanas
9 (RLIN) 11827
651 #4 - PUNTO DE ACCESO ADICIONAL DE MATERIA--NOMBRE GEOGRÁFICO
Nombre geográfico América Latina
Subdivisión de forma Revistas
Subdivisión general Historia
9 (RLIN) 11828
710 2# - PUNTO DE ACCESO ADICIONAL--NOMBRE DE ENTIDAD CORPORATIVA
Nombre de entidad corporativa o nombre de jurisdicción como elemento de entrada Escuela de Estudios Hispanoamericanos
Unidad subordinada Consejo Superior de Investigaciones Científicas
9 (RLIN) 11829
902 ## - CATALOGADOR
Iniciales GFM
942 ## - ELEMENTOS DE PUNTO DE ACCESO ADICIONAL (KOHA)
Fuente del sistema de clasificación o colocación Library of Congress Classification
Tipo de ítem Koha Libros
Holdings
Estado de retiro Estado de pérdida Estado dañado No para préstamo Localización permanente Ubicación/localización actual Fecha de adquisición Número de inventario Total de préstamos Signatura topográfica completa Código de barras Fecha visto por última vez Precio válido a partir de Tipo de ítem Koha
El ejemplar forma parte de la colección y puede ser consultado según las políticas vigentes.       Biblioteca del Museo Franz Mayer (Rogerio Casas-Alatriste) Biblioteca del Museo Franz Mayer (Rogerio Casas-Alatriste) 30/09/2010 Q84   F1461 .E88 10 1953 (Q84) 4672 22/03/2019 22/03/2019 Libros